UEFA Champions League winnaars - Statistieken

Algemene statistieken
  • Deze quiz is 140 keer genomen
    31 sinds de laatste reset
  • De gemiddelde score is 18 van 24
Antwoordstatistieken
Jaar Club % Correct
2024, 2022, 2018, 2017, 2016, 2014, 2002, 2000, 1998, 1966, 1960, 1959, 1958, 1957, 1956 Real Madrid
100%
2015, 2011, 2009, 2006, 1992 FC Barcelona
91%
2010, 1965, 1964 Internazionale
91%
2023 Manchester City
91%
2026, 2025 Paris Saint-Germain
91%
2007, 2003, 1994, 1990, 1989, 1969, 1963 AC Milan
86%
1995, 1973, 1972, 1971 Ajax
86%
2020, 2013, 2001, 1976, 1975, 1974 Bayern München
86%
2021, 2012 Chelsea
86%
2008, 1999, 1968 Manchester United
86%
2004, 1987 FC Porto
82%
1970 Feyenoord
82%
2019, 2005, 1984, 1981, 1987, 1977 Liverpool
82%
1993 Olympique Marseille
82%
1988 PSV
82%
1997 Borussia Dortmund
77%
1996, 1985 Juventus
68%
1962, 1961 Benfica
64%
1980, 1979 Nottingham Forest
64%
1982 Aston Villa
55%
1983 Hamburger SV
55%
1991 Rode Ster Belgrado
45%
1967 Celtic
32%
1986 Steaua Boekarest
18%
Geen overeenkomende quizzen gevonden
Scoreverdeling
Procent van Mensen met Elke Score
Percentiel versus Aantal Correcte Antwoorden
Uw Scoregeschiedenis
U heeft deze quiz nog niet genomen sinds de laatste reset